000 00448nam a2200157Ia 4500
008 241127s9999||||xx |||||||||||||| ||und||
020 _a9789832679998
_c00
040 _beng
_cSSK Library
_erda
082 _a336.2009595/KAS
100 _a Jeyapalan Kasipillai -
245 2 _aA Comprehensive Guide To Malaysian Taxation: Under Self Assessment
260 _b Mcgraw Hill
_c©2005
942 _22ddc
_cBOOK
_nNo
999 _c10790
_d10790
003 OSt
005 20241127152836.0